http://www.ewi.org.uk (Record no. 119726)

MARC details
000 -LEADER
fixed length control field 00916cam a2200181 4500
001 - CONTROL NUMBER
control field WS109696
008 - FIXED-LENGTH DATA ELEMENTS--GENERAL INFORMATION
fixed length control field 000000u xxk f 000 0 eng d
035 ## - SYSTEM CONTROL NUMBER
System control number (Sirsi) u109696
041 0# - LANGUAGE CODE
Language code of text/sound track or separate title eng
110 ## - MAIN ENTRY--CORPORATE NAME
Corporate name or jurisdiction name as entry element Expert Witness Institute
9 (RLIN) 3977
240 ## - UNIFORM TITLE
Uniform title Expert Witness Institute
245 ## - TITLE STATEMENT
Title http://www.ewi.org.uk
Medium [electronic resource]
520 ## - SUMMARY, ETC.
Summary, etc. An independent, professional membership body and non-profit making organisation, the Institute aims to support the proper administration of justice and the early resolution of disputes through fair and unbiased expert evidence. It seeks to act as a voice for the expert witness community, supporting experts from all professional disciplines and lawyers who use the services of experts.
651 #4 - SUBJECT ADDED ENTRY--GEOGRAPHIC NAME
Geographic name United Kingdom
Chronological subdivision
690 ## - LOCAL SUBJECT ADDED ENTRY--TOPICAL TERM (OCLC, RLIN)
Topical term or geographic name as entry element Dispute resolution
9 (RLIN) 6236
856 40 - ELECTRONIC LOCATION AND ACCESS
Uniform Resource Identifier <a href="https://www.ewi.org.uk">https://www.ewi.org.uk</a>
Public note View the website free of charge at www.ewi.org.uk...
942 ## - ADDED ENTRY ELEMENTS (KOHA)
Suppress in OPAC 0
Holdings
Withdrawn status Lost status Source of classification or shelving scheme Damaged status Not for loan Home library Current library Shelving location Date acquired Total Checkouts Full call number Barcode Date last seen Copy number Price effective from Koha item type
    Dewey Decimal Classification     Virtual Virtual Online 04/12/2000   WEB SITE 109696-2001 06/08/2019 1 06/08/2019 Online material